NECESSARY LOSSES,THE LOVES,ILLUSIONS,DEPENDENCIES,AND IMPOSSIBLE EXPECTIONS THAT ALL OF US HAVE TO GIVE UP IN ORDER TO GROW / (Record no. 616375)
[ view plain ]
| 000 -LEADER | |
|---|---|
| fixed length control field | 00441nam a22001337a 4500 |
| 020 ## - INTERNATIONAL STANDARD BOOK NUMBER | |
| Qualifying information | PB. |
| 040 ## - CATALOGING SOURCE | |
| Transcribing agency | FIZZA ISHAQ |
| 082 ## - DEWEY DECIMAL CLASSIFICATION NUMBER | |
| Classification number | 155.93 |
| Author Mark | JUD |
| 100 ## - MAIN ENTRY--PERSONAL NAME | |
| Personal name | VIORST,JUDITH. |
| 9 (RLIN) | 133425 |
| 245 ## - TITLE STATEMENT | |
| Title | NECESSARY LOSSES,THE LOVES,ILLUSIONS,DEPENDENCIES,AND IMPOSSIBLE EXPECTIONS THAT ALL OF US HAVE TO GIVE UP IN ORDER TO GROW / |
| Statement of responsibility, etc. | JUDITH VIORST. |
| 260 ## - PUBLICATION, DISTRIBUTION, ETC. | |
| Place of publication, distribution, etc. | NEW YORK ; |
| Name of publisher, distributor, etc. | THE FREE PRESS, |
| Date of publication, distribution, etc. | 1986. |
| 300 ## - PHYSICAL DESCRIPTION | |
| Extent | 447 P. ; |
| Dimensions | 8.3X5.3IN |
| 942 ## - ADDED ENTRY ELEMENTS (KOHA) | |
| Source of classification or shelving scheme | |
| Koha item type | Book |
| Withdrawn status | Lost status | Source of classification or shelving scheme | Damaged status | Not for loan | Permanent Location | Current Location | Shelving location | Date acquired | Total Checkouts | Full call number | Barcode | Date last seen | Price effective from | Koha item type |
|---|---|---|---|---|---|---|---|---|---|---|---|---|---|---|
| NUST Baluchistan Campus (NBC) | NUST Baluchistan Campus (NBC) | General Stacks | 02/24/2026 | 155.93 JUD | QD-754 | 02/24/2026 | 02/24/2026 | Book |
